Clinical anatomy and physiology for veterinary technicians (Record no. 85655)

MARC details
000 -LEADER
fixed length control field 00818 a2200265 4500
003 - CONTROL NUMBER IDENTIFIER
control field CBULib
005 - DATE AND TIME OF LATEST TRANSACTION
control field 20250612090908.0
008 - FIXED-LENGTH DATA ELEMENTS--GENERAL INFORMATION
fixed length control field 241017b |||||||| |||| 00| 0 eng d
020 ## - INTERNATIONAL STANDARD BOOK NUMBER
International Standard Book Number 9780323227933
040 ## - CATALOGING SOURCE
Language of cataloging English
Transcribing agency CBULib
Description conventions rda
041 ## - LANGUAGE CODE
Language code of text/sound track or separate title eng
050 ## - LIBRARY OF CONGRESS CALL NUMBER
Classification number SF 761 Col
100 ## - MAIN ENTRY--PERSONAL NAME
Personal name Colville, Thomas
245 ## - TITLE STATEMENT
Title Clinical anatomy and physiology for veterinary technicians
Statement of responsibility, etc / by Thomas Colville and Joanna M. Bassert
250 ## - EDITION STATEMENT
Edition statement Third edition
260 ## - PUBLICATION, DISTRIBUTION, ETC. (IMPRINT)
Name of publisher, distributor, etc Elsevier,
Date of publication, distribution, etc 2016
Place of publication, distribution, etc Missouri :
300 ## - PHYSICAL DESCRIPTION
Extent xvii, 634 pages : illustrations
336 ## - CONTENT TYPE
Source rdacontent
Content type term Text |
Content type code txt
337 ## - MEDIA TYPE
Source rdamedia
Media type term Unmediated |
Media type code n
338 ## - CARRIER TYPE
Source rdacarrier
Carrier type term Volume
Carrier type code nc
650 #0 - SUBJECT ADDED ENTRY--TOPICAL TERM
9 (RLIN) 1630
Topical term or geographic name as entry element VETERINARY ANATOMY
650 #0 - SUBJECT ADDED ENTRY--TOPICAL TERM
9 (RLIN) 1631
Topical term or geographic name as entry element VETERINARY PHYSIOLOGY
700 ## - ADDED ENTRY--PERSONAL NAME
9 (RLIN) 3745
Personal name Basssert, Joanna M
942 ## - ADDED ENTRY ELEMENTS (KOHA)
Source of classification or shelving scheme
Koha item type MONOGRAPH
Holdings
Withdrawn status Lost status Source of classification or shelving scheme Damaged status Not for loan Collection code Permanent Location Current Location Shelving location Date acquired Source of acquisition Cost, normal purchase price Full call number Barcode Date last seen Price effective from Koha item type Total Checkouts
          CBU-Lusaka Campus CBU- LUSAKA CAMPUS CBU- LUSAKA CAMPUS General Stacks 10/17/2024 DON-BOOKAID 56.00 SF 761 Col 752962 10/17/2024 10/17/2024 MONOGRAPH  
          CBU-Lusaka Campus CBU- LUSAKA CAMPUS CBU- LUSAKA CAMPUS General Stacks 10/17/2024 DON-BOOKAID 56.00 SF 761 Col 752961 10/17/2024 10/17/2024 MONOGRAPH  
          Main Library Open Access Collection CBU-MAIN LIBRARY, KITWE. CBU-MAIN LIBRARY, KITWE. General Stacks 01/27/2025 BOOK AID INTERNATIONAL 97.82 SF 761 Col 753366 01/27/2025 01/27/2025 MONOGRAPH  
          Main Library Open Access Collection CBU-MAIN LIBRARY, KITWE. CBU-MAIN LIBRARY, KITWE. General Stacks 01/28/2025 BOOK AID INTERNATIONAL 56.00 SF 761 Col 753414 01/28/2025 01/28/2025 MONOGRAPH